MARC details
| 000 -CABECERA |
| campo de control de longitud fija |
01791nam a2200397 i 4500 |
| 003 - IDENTIFICADOR DEL NÚMERO DE CONTROL |
| campo de control |
DO-SdBNP |
| 005 - FECHA Y HORA DE LA ÚLTIMA TRANSACCIÓN |
| campo de control |
20240417150057.0 |
| 007 - CAMPO FIJO DE DESCRIPCIÓN FÍSICA--INFORMACIÓN GENERAL |
| campo de control de longitud fija |
ta |
| 008 - DATOS DE LONGITUD FIJA--INFORMACIÓN GENERAL |
| campo de control de longitud fija |
240417b2001 dr ac 001 0 spa d |
| 040 ## - FUENTE DE LA CATALOGACIÓN |
| Centro catalogador/agencia de origen |
DO-SdBNP |
| Lengua de catalogación |
spa |
| Centro/agencia transcriptor |
BNPHU |
| Normas de descripción |
rda |
| 082 4# - NÚMERO DE LA CLASIFICACIÓN DECIMAL DEWEY |
| Número de edición |
22 |
| 111 10 - ENTRADA PRINCIPAL--NOMBRE DE CONGRESO/REUNIÓN |
| Nombre de congreso/reunión o jurisdicción como elemento de entrada |
Feria de Galerías de Arte |
| Sede del congreso/Lugar de la reunión |
(Santo Domingo, Rep. Dom. |
| Fecha del congreso/reunión |
2001 : 20 al 25 de noviembre |
| Número del congreso/reunión o número de parte o sección |
1ª :) |
| 9 (RLIN) |
80993 |
| 245 10 - MENCIÓN DE TÍTULO |
| Título |
Santo Domingo 2001 : |
| Resto del título |
primera Feria de Galerías de Arte / |
| Mención de responsabilidad, etc. |
producción Mildred Canahuate : textos Abelardo Jiménez Lambertus, Mary Loly de Severino, Juan José Mesa, Odalis Pérez, Juan José Bellapart y otros |
| 264 ## - PRODUCCIÓN, PUBLICACIÓN, DISTRIBUCIÓN, FABRICACIÓN Y COPYRIGHT |
| Producción, publicación, distribución, fabricación y copyright |
Santo Domingo : |
| Nombre del de productor, editor, distribuidor, fabricante |
Asociación de Galerías de Arte de la Rep. Dom., |
| Fecha de producción, publicación, distribución, fabricación o copyright |
2001. |
| 300 ## - DESCRIPCIÓN FÍSICA |
| Extensión |
72 páginas |
| Otras características físicas |
ilustraciones, retratos |
| Dimensiones |
22 cm |
| 336 ## - TIPO DE CONTENIDO |
| Fuente |
rdacontent |
| Término de tipo de contenido |
texto |
| Código de tipo de contenido |
txt |
| 337 ## - TIPO DE MEDIO |
| Fuente |
rdamedia |
| Nombre/término del tipo de medio |
sin mediación |
| Código del tipo de medio |
n |
| 338 ## - TIPO DE SOPORTE |
| Fuente |
rdacarrier |
| Nombre/término del tipo de soporte |
volumen |
| Código del tipo de soporte |
nc |
| 590 ## - NOTA LOCAL (RLIN) |
| Nota local |
Inventariado, 2024/ YL |
| 611 ## - PUNTO DE ACCESO ADICIONAL DE MATERIA--NOMBRE DE REUNIÓN/CONGRESO |
| Nombre de congreso/reunión o jurisdicción como elemento de entrada |
Feria de Galerías de Arte |
| Sede del congreso/Lugar de la reunión |
(20 al 25 de noviembre : |
| Fecha del congreso/reunión |
2001 |
| Subdivisión geográfica |
Santo Domingo, República Dominicana |
| 9 (RLIN) |
80994 |
| 650 4# - PUNTO DE ACCESO ADICIONAL DE MATERIA--TÉRMINO DE MATERIA |
| Término de materia o nombre geográfico como elemento de entrada |
Feria Galerías de Arte |
| Subdivisión cronológica |
2001 |
| Subdivisión geográfica |
República Dominicana |
| 9 (RLIN) |
80995 |
| 650 4# - PUNTO DE ACCESO ADICIONAL DE MATERIA--TÉRMINO DE MATERIA |
| Término de materia o nombre geográfico como elemento de entrada |
Feria Galerías de Arte |
| Subdivisión cronológica |
2001 |
| Subdivisión geográfica |
República Dominicana |
| 9 (RLIN) |
80996 |
| 700 1# - PUNTO DE ACCESO ADICIONAL--NOMBRE DE PERSONA |
| Nombre de persona |
Canahuate, Mildred |
| Término indicativo de función/relación |
producción |
| 9 (RLIN) |
55020 |
| 700 1# - PUNTO DE ACCESO ADICIONAL--NOMBRE DE PERSONA |
| Nombre de persona |
Jiménez Lambertus, Abelardo |
| Término indicativo de función/relación |
textos |
| 9 (RLIN) |
21571 |
| 700 1# - PUNTO DE ACCESO ADICIONAL--NOMBRE DE PERSONA |
| Nombre de persona |
Severino, Mary Loly de |
| Término indicativo de función/relación |
textos |
| 9 (RLIN) |
76039 |
| 700 1# - PUNTO DE ACCESO ADICIONAL--NOMBRE DE PERSONA |
| Nombre de persona |
Mesa, Juan José |
| Término indicativo de función/relación |
textos |
| 9 (RLIN) |
85269 |
| 700 1# - PUNTO DE ACCESO ADICIONAL--NOMBRE DE PERSONA |
| Nombre de persona |
Pérez, Odalis |
| Término indicativo de función/relación |
textos |
| 9 (RLIN) |
85270 |
| 700 1# - PUNTO DE ACCESO ADICIONAL--NOMBRE DE PERSONA |
| Nombre de persona |
Bellapart, Juan José |
| Término indicativo de función/relación |
textos |
| 9 (RLIN) |
82782 |
| 700 1# - PUNTO DE ACCESO ADICIONAL--NOMBRE DE PERSONA |
| Nombre de persona |
Ramos, Román |
| Término indicativo de función/relación |
textos |
| 9 (RLIN) |
82739 |
| 700 1# - PUNTO DE ACCESO ADICIONAL--NOMBRE DE PERSONA |
| Nombre de persona |
Rudman, Isaac |
| Término indicativo de función/relación |
textos |
| 9 (RLIN) |
55839 |
| 700 1# - PUNTO DE ACCESO ADICIONAL--NOMBRE DE PERSONA |
| Nombre de persona |
Abreu de Utermöhlen, Hilda |
| Término indicativo de función/relación |
textos |
| 9 (RLIN) |
85271 |
| 700 1# - PUNTO DE ACCESO ADICIONAL--NOMBRE DE PERSONA |
| Nombre de persona |
Escoto, Francisco Enrique |
| Término indicativo de función/relación |
textos |
| 9 (RLIN) |
85272 |
| 700 1# - PUNTO DE ACCESO ADICIONAL--NOMBRE DE PERSONA |
| Nombre de persona |
Peralta Agüero, Abil |
| Término indicativo de función/relación |
textos |
| 9 (RLIN) |
26618 |
| 910 ## - DATOS DE OPCIÓN DEL USUARIO (OCLC) |
| Datos de opción del usuario |
YLockward |
| 942 ## - ELEMENTOS DE PUNTO DE ACCESO ADICIONAL (KOHA) |
| Fuente del sistema de clasificación o colocación |
Dewey Decimal Classification |
| Tipo de ítem Koha |
Folleto |